000 00831nam a2200241Ia 4500
003 OSt
005 20220923214941.0
006 a|||||r|||| 00| 0
007 ta
008 220922b |||||||| |||| 00| 0 hin d
024 _a174,062
037 _cTextual
040 _aARTS
_cARTS
_bhin
041 _2hin
_ahin
082 _aO152,3N00x, L0
100 _aनेमिचन्द्र
245 0 _aपुराने घाट
_b नयी सीड़ियां
246 _aPurāne ghāṭa: nayī sīड़iyāan
260 _aदिल्ली
_b राजकृष्ण जैन चेरिटेबल ट्रस्ट
_c1970
650 _aहिन्दी साहित्य
_9156264
942 _hO152,3N00x, L0
_cTEXL
_2CC
999 _c327879
_d327879